000 00560nam a2200193 i 4500
001 39610
003 ES-MaACL
005 20250827034935.0
007 t|
008 030303s1951 sp ||||1| cat d
245 0 0 _aCançoner de la secció de Muntanya.
260 _aBarcelona :
_b[s.n.,
_c1951]
300 _a60 p. ;
_c15 cm.
500 _aPrecede al tít.: Centro Excursionista de Catalunya.
500 _aNot. musi.
710 2 _aCentre Excursionista de Catalunya
_92554
852 _aES-MaACL
_j1997-F-8
_bR.33364
999 _c39610
_d39610